000 00752nam a2200205Ii 4500
003 JO-AjNU
008 230605s9999||||xx |||||||||||||| ||und||
040 _aJO-AjNU
_bara
_erda
_cJO-AjNU
041 _aara
050 1 4 _aDS247 1971
100 3 _aأبو النصر، عمر,
_eauthor
_99726
245 0 0 _aسيف بن ذي يزن: ملك اليمن قبل الاسلام، الجزء الأول
264 3 1 _aسوريا: دار الغد، 1971
300 _aج1، 232ص
336 _atext
_btxt
_2rdacontent
337 _aunmediated
_bn
_2rdamedia
338 _avolume
_bnc
_2rdacarrier
490 0 _aمن التراث العربي
650 4 _aسيف بن ذي يزن،نحو 115ق.ه-50ق.م شعبي العربي -- تاريخ ونقد. 
_99727
999 _aA1447
_c5015
_d5015